000 00522nam a2200217Ia 4500
003 OSt
005 20140313105741.0
008 140130s9999 xx 000 0 und d
020 _a0590621866
050 _aPZ 7
_b.L8432Le 1996
100 _aLondon, Jonathan
245 _aLet's Go, Froggy! /
_cJonathan London.
260 _bScholastic,
_c1996.
_aNew York :
300 _a30 p. :
_bcol. ill. ;
_c19 cm.
440 _v1
521 _aG1
526 _c290
942 _cBK
_2lcc
999 _c40111
_d40111